| 000 | 01232nam a22002897i 4500 | ||
|---|---|---|---|
| 003 | EG-GICUC | ||
| 005 | 20260121101348.0 | ||
| 008 | 251126s2005 ua ||||f |||| 000 0 ara d | ||
| 040 |
_a EG-GICUC _bara _c EG-GICUC _d EG-GICUC _erda |
||
| 041 | _aara | ||
| 082 | 0 | 4 |
_221 _a341.7623 _bج م . م |
| 092 | 0 | 4 | _221 |
| 099 | _aLaw1 12 341.7623 ج م . م 2005 | ||
| 100 | 0 |
_aجمال محمود الكردي _eمؤلف. |
|
| 245 | 1 | 2 |
_aالمحكمة المختصة و القانون الواجب تطبيقه بشأن دعاوي المسئولية و التعويض عن مضار التلوث البيئي العابر للحدود _cالدكتور جمال محمود الكردي |
| 264 | 1 |
_aالأسكندرية : _bدار الجامعة الجديد للنشر, _c2005. |
|
| 300 |
_a230صفحة _c24 سم |
||
| 336 |
_2rda content _atext |
||
| 337 |
_2rda media _aComputer |
||
| 338 |
_2rda carrier _aOnline Resource |
||
| 546 | _aالنص أغلبه باللغة العربية مع بعض النصوص الفرنسية | ||
| 650 | 1 |
_aالتلوث -- رقابة -- قانون دولي _2qrmak |
|
| 651 | 1 | _2qrmak | |
| 856 | 4 | 0 | _uhttps://fll.law.cu.edu.eg/fulltext/bks/B12-01228.pdf |
| 905 | _a5 | ||
| 942 |
_2ddc _cBK _e21 _n0 |
||
| 999 |
_c46249 _d46249 |
||